000 00463nam a2200181Ia 4500
001 17799
005 20260306171543.0
008 260306s9999||||xx |||||||||||||| ||und||
041 _aESP
082 _a658.202
_bC93
100 _aCuatrecasas Arbós, Lluis
_eAUT
245 0 _aTPM en un entorno Lean Management:
_bestrategia competitiva
260 _c2010
300 _a410 páginas :
_c23 cm.
650 _aGEN
654 _aCAN
942 _cLIB
_dJUS
_fJUS
_2ddc
_n
999 _c17799
_d17799